header

Listening to Fellini (Record no. 233525)

MARC details
000 -LEADER
fixed length control field 01435nam a22003254a 4500
082 04 - DEWEY DECIMAL CLASSIFICATION NUMBER
Classification number 791.4302/33092
100 1# - MAIN ENTRY--AUTHOR NAME
Personal name Van Order, M. Thomas,
245 10 - TITLE STATEMENT
Title Listening to Fellini
260 ## - PUBLICATION, DISTRIBUTION, ETC. (IMPRINT)
Place of publication Madison [N.J.] :
Name of publisher Fairleigh Dickinson University Press,
Year of publication c2009.
300 ## - PHYSICAL DESCRIPTION
Number of Pages 275 p.
490 1# - SERIES STATEMENT
Series statement The Fairleigh Dickinson University Press series in Italian studies
650 #0 - SUBJECT ADDED ENTRY--TOPICAL TERM
Topical Term Motion picture music
856 40 - ELECTRONIC LOCATION AND ACCESS
Uniform Resource Identifier http://site.ebrary.com/lib/rucke/Doc?id=10430858

No items available.

© 2026 Rongo University
Contact us: librarian | system librarian | Rongo university